Problemy semantyky slova, rečennja ta tekstu [zbirnyk]

Uložené v:
Podrobná bibliografia
Ďalší autori: Korbozerova, Nina M., Popovych, Mykhaylo M., Belehova, Larisa I.
Médium: Kniha
Jazyk:Ukrainian
Vydavateľské údaje: Kyjiv Kyjivskyj nacionaľnyj lingvistyčnyj universytet 2017
Vydanie:1. vidannja
Predmet:
Tagy: Pridať tag
Žiadne tagy, Buďte prvý, kto otaguje tento záznam!

MARC

LEADER 00000nam a2200000 4500
001 0240719
005 20240416113818.3
022 |a 2521-1218 
022 |a 2521-1226 
041 0 |a ukr 
044 |a UA 
245 1 0 |a Problemy semantyky slova, rečennja ta tekstu  |b [zbirnyk]  |c vidpovidaľnyj redaktor: Nina M. Korbozerova ; recenzenty: Mykhaylo M. Popovych, Larisa I. Belehova 
250 |a 1. vidannja 
264 1 |a Kyjiv  |b Kyjivskyj nacionaľnyj lingvistyčnyj universytet  |c 2017 
300 |a 255 s. 
610 2 0 |a sémantika 
610 2 0 |a jazykoveda 
610 2 0 |a jazyky cudzie 
610 2 0 |a ukrajinčina 
700 1 |a Korbozerova, Nina M. 
700 1 |a Popovych, Mykhaylo M. 
700 1 |a Belehova, Larisa I.